[Event "GRE-chT 46th"]
[Site "Rio Achaia"]
[Date "2018.07.13"]
[Round "5.4"]
[White "Shoker, Samy"]
[Black "Dochev, Dimitar"]
[Result "1/2-1/2"]
[WhiteElo "2482"]
[BlackElo "2399"]
[PlyCount "95"]
[EventDate "2018.07.10"]
[EventType "team"]
[EventRounds "7"]
[EventCountry "GRE"]
[SourceTitle "CBM 185 Extra"]
[Source "ChessBase"]
[SourceDate "2018.07.29"]
[SourceVersion "1"]
[SourceVersionDate "2018.07.29"]
[SourceQuality "1"]
[WhiteTeam "Heraklion Attica"]
[BlackTeam "Chania OA"]
[WhiteTeamCountry "GRE"]
[BlackTeamCountry "GRE"]

1. g3 g6 2. Bg2 Bg7 3. c4 d6 4. Nc3 Nf6 5. Nf3 0-0 6. 0-0 Nc6 7. Rb1 a5 8. a3 e5 9. d3 Re8 10. Nd2 Nd4 11. b4 axb4 12. axb4 c6 13. Bb2 d5 14. c5 Bg4 15. h3 Be6 16. e3 Nf5 17. Ne2 Nd7 18. e4 Ne7 19. Qc2 f5 20. Ra1 Qc7 21. Nc3 Kh8 22. Qb3 Nf6 23. Rxa8 Rxa8 24. exd5 Nfxd5 25. Nxd5 Nxd5 26. Nc4 b5 27. Nb6 Rd8 28. Nxd5 Bxd5 29. Bxd5 Rxd5 30. Ra1 Rd8 31. Ra6 Qd7 32. Qa3 h6 33. Qa1 Qd5 34. h4 Rd7 35. Ra3 Kh7 36. Ra7 Rxa7 37. Qxa7 Kg8 38. Qb8+ Kf7 39. Qc7+ Kg8 40. Qc8+ Kh7 41. h5 Qxd3 42. hxg6+ Kxg6 43. Qxc6+ Kh7 44. Qe6 Qb1+ 45. Kg2 Qe4+ 46. Kg1 Qb1+ 47. Kg2 Qe4+ 48. Kg1 1/2-1/2

[Event "GRE-chT 46th"]
[Site "Rio Achaia"]
[Date "2018.07.12"]
[Round "4.2"]
[White "Dochev, Dimitar"]
[Black "Papaioannou, Ioannis"]
[Result "1/2-1/2"]
[WhiteElo "2399"]
[BlackElo "2647"]
[PlyCount "96"]
[EventDate "2018.07.10"]
[EventType "team"]
[EventRounds "7"]
[EventCountry "GRE"]
[SourceTitle "CBM 185 Extra"]
[Source "ChessBase"]
[SourceDate "2018.07.29"]
[SourceVersion "1"]
[SourceVersionDate "2018.07.29"]
[SourceQuality "1"]
[WhiteTeam "Chania OA"]
[BlackTeam "Kavalas"]
[WhiteTeamCountry "GRE"]
[BlackTeamCountry "GRE"]

1. e4 c5 2. Nf3 d6 3. d4 cxd4 4. Nxd4 Nf6 5. Nc3 a6 6. Be3 e5 7. Nf3 Qc7 8. a4 Be7 9. a5 0-0 10. Be2 Nbd7 11. Nd2 Nc5 12. Nd5 Nxd5 13. exd5 Bf5 14. 0-0 Bg6 15. b4 Nd7 16. c4 f5 17. f3 Qd8 18. Kh1 Kh8 19. Nb3 f4 20. Bg1 Nf6 21. Bd3 Qe8 22. Qb1 e4 23. fxe4 Ng4 24. Nd4 Ne5 25. Ne6 f3 26. Nxf8 fxg2+ 27. Kxg2 Bxf8 28. Bd4 Nxd3 29. Rxf8+ Qxf8 30. Qxd3 Re8 31. Re1 Qf4 32. Kg1 Rxe4 33. Rxe4 Bxe4 34. Qe3 Qg4+ 35. Kf2 Bg6 36. Ke1 Bh5 37. c5 dxc5 38. bxc5 Qd1+ 39. Kf2 Qc2+ 40. Kg3 Qg6+ 41. Kf2 Qf5+ 42. Ke1 Qxd5 43. Qe5 Qh1+ 44. Kd2 Qg2+ 45. Kc3 Bf7 46. Qb8+ Bg8 47. Qg3 Qxg3+ 48. hxg3 Bd5 1/2-1/2

[Event "GRE-chT 44th"]
[Site "Achaia"]
[Date "2016.07.09"]
[Round "6.7"]
[White "Dochev, Dimitar"]
[Black "Baldauf, Marco"]
[Result "1/2-1/2"]
[WhiteElo "2398"]
[BlackElo "2422"]
[PlyCount "62"]
[EventDate "2016.07.05"]
[EventType "team-swiss"]
[EventRounds "7"]
[EventCountry "GRE"]
[SourceTitle "CBM 173 Extra"]
[Source "ChessBase"]
[SourceDate "2016.08.29"]
[SourceVersion "1"]
[SourceVersionDate "2016.08.29"]
[SourceQuality "1"]
[WhiteTeam "OFI"]
[BlackTeam "Three Stars 89"]
[WhiteTeamCountry "GRE"]
[BlackTeamCountry "GRE"]

1. e4 e5 2. Nf3 Nc6 3. Bb5 Nf6 4. 0-0 Nxe4 5. Re1 Nd6 6. Nxe5 Be7 7. Bf1 Nxe5 8. Rxe5 0-0 9. Nc3 Ne8 10. Nd5 Bd6 11. Re1 c6 12. Ne3 Be7 13. c4 Nc7 14. d4 d5 15. cxd5 Bb4 16. Bd2 Bxd2 17. Qxd2 Nxd5 18. Nxd5 Qxd5 19. Re5 Qd6 20. Bc4 Bd7 21. Rae1 b5 22. Bb3 a5 23. a4 bxa4 24. Bxa4 Be6 25. Rxa5 Rxa5 26. Qxa5 Qxd4 27. Bxc6 Qxb2 28. Bf3 Qf6 29. Qe5 Qxe5 30. Rxe5 Rb8 31. h4 h6 1/2-1/2

[Event "GRE-chT 43rd"]
[Site "Porto Rio"]
[Date "2015.10.12"]
[Round "7.4"]
[White "Mastrovasilis, Dimitrios"]
[Black "Dochev, Dimitar"]
[Result "1/2-1/2"]
[WhiteElo "2608"]
[BlackElo "2396"]
[PlyCount "73"]
[EventDate "2015.10.08"]
[EventType "team-swiss"]
[EventRounds "7"]
[EventCountry "GRE"]
[SourceTitle "CBM 168 Extra"]
[Source "ChessBase"]
[SourceDate "2015.10.29"]
[SourceVersion "1"]
[SourceVersionDate "2015.10.29"]
[SourceQuality "1"]
[WhiteTeam "Thessaloniki"]
[BlackTeam "OFI"]
[WhiteTeamCountry "GRE"]
[BlackTeamCountry "GRE"]

1. e4 e6 2. d4 d5 3. Nc3 Bb4 4. e5 c5 5. Bd2 Ne7 6. a3 Bxc3 7. Bxc3 Nbc6 8. Nf3 cxd4 9. Bxd4 Nf5 10. c3 Bd7 11. Be2 Nfxd4 12. cxd4 Qb6 13. b4 Ne7 14. 0-0 Bb5 15. Rc1 0-0 16. Rc5 Bxe2 17. Qxe2 Rfc8 18. Rfc1 Qd8 19. Qc2 b6 20. Rc7 h6 21. g3 Qe8 22. Qd3 Qd8 23. R7c3 Qd7 24. b5 Rxc3 25. Rxc3 a6 26. bxa6 Qa7 27. Qb5 Qxa6 28. Qd7 Ng6 29. Kg2 Nf8 30. Qe7 Ng6 31. Qb4 Qa5 32. Qxa5 Rxa5 33. Rc8+ Kh7 34. Rc7 Kg8 35. Rc8+ Kh7 36. Rc7 Kg8 37. Rc8+ 1/2-1/2

[Event "GRE-chT 42nd"]
[Site "Porto Rio"]
[Date "2014.07.03"]
[Round "7.1"]
[White "Dochev, Dimitar"]
[Black "Lubbe, Nikolas"]
[Result "1/2-1/2"]
[WhiteElo "2402"]
[BlackElo "2458"]
[PlyCount "26"]
[EventDate "2014.06.28"]
[EventType "team-swiss"]
[EventRounds "7"]
[EventCountry "GRE"]
[SourceTitle "CBM 161 Extra"]
[Source "ChessBase"]
[SourceDate "2014.08.29"]
[SourceVersion "1"]
[SourceVersionDate "2014.08.29"]
[SourceQuality "1"]
[WhiteTeam "OFI"]
[BlackTeam "Patron CN"]
[WhiteTeamCountry "GRE"]
[BlackTeamCountry "GRE"]

1. e4 c5 2. Nf3 Nc6 3. d4 cxd4 4. Nxd4 Nf6 5. Nc3 d6 6. f3 e5 7. Nb3 Be7 8. Be3 0-0 9. Qd2 a5 10. Bb5 Na7 11. Bd3 Nc6 12. Bb5 Na7 13. Bd3 Nc6 1/2-1/2

[Event "GRE-chT 42nd"]
[Site "Porto Rio"]
[Date "2014.07.02"]
[Round "6.1"]
[White "Dochev, Dimitar"]
[Black "Tsanas, Athanasios"]
[Result "1/2-1/2"]
[WhiteElo "2402"]
[BlackElo "2282"]
[PlyCount "62"]
[EventDate "2014.06.28"]
[EventType "team-swiss"]
[EventRounds "7"]
[EventCountry "GRE"]
[SourceTitle "CBM 161 Extra"]
[Source "ChessBase"]
[SourceDate "2014.08.29"]
[SourceVersion "1"]
[SourceVersionDate "2014.08.29"]
[SourceQuality "1"]
[WhiteTeam "OFI"]
[BlackTeam "Glyfadas Zenon"]
[WhiteTeamCountry "GRE"]
[BlackTeamCountry "GRE"]

1. e4 c5 2. Nf3 d6 3. Bb5+ Nd7 4. 0-0 a6 5. Bd3 Ngf6 6. Re1 b6 7. c3 Ne5 8. Be2 Nxf3+ 9. Bxf3 e5 10. d4 Be7 11. Na3 Qc7 12. Nc2 0-0 13. Ne3 Re8 14. dxe5 dxe5 15. c4 Be6 16. Qc2 g6 17. b3 Bf8 18. Bb2 Bg7 19. Bc3 Rad8 20. Qb2 Bc8 21. a4 a5 22. Rad1 Rxd1 23. Rxd1 Bb7 24. Qc2 h5 25. g3 Bc6 26. Nd5 Bxd5 27. exd5 Qd6 28. Re1 Nd7 29. Qb2 f5 30. Bg2 Bf6 31. Qc1 Kf7 1/2-1/2

[Event "GRE-chT 41st"]
[Site "Achaia"]
[Date "2013.07.06"]
[Round "6.1"]
[White "Dochev, Dimitar"]
[Black "Theofilopoulos, Aristotelis"]
[Result "1-0"]
[WhiteElo "2405"]
[BlackElo "2192"]
[PlyCount "47"]
[EventDate "2013.07.02"]
[EventType "team-swiss"]
[EventRounds "7"]
[EventCountry "GRE"]
[SourceTitle "CBM 155 Extra"]
[Source "ChessBase"]
[SourceDate "2013.08.26"]
[SourceVersion "1"]
[SourceVersionDate "2013.08.26"]
[SourceQuality "1"]
[WhiteTeam "OFI"]
[BlackTeam "Polichnis"]
[WhiteTeamCountry "GRE"]
[BlackTeamCountry "GRE"]

1. e4 e5 2. Nf3 Nf6 3. Nxe5 d6 4. Nf3 Nxe4 5. d4 d5 6. Bd3 Nc6 7. 0-0 Be7 8. Nc3 Nxc3 9. bxc3 0-0 10. h3 Be6 11. Rb1 Na5 12. Ne5 Qc8 13. Re1 Nc6 14. Bf4 Bf6 15. Ng4 Be7 16. Qf3 Bd6 17. Nf6+ gxf6 18. Qg3+ Bg4 19. hxg4 Bxf4 20. Qxf4 Kg7 21. g5 Qd8 22. Qh4 h5 23. gxh6+ Kh8 24. Rxb7 1-0

[Event "GRE-chT 40th"]
[Site "Achaia"]
[Date "2012.07.05"]
[Round "7.9"]
[White "Rapport, Richard"]
[Black "Dochev, Dimitar"]
[Result "1/2-1/2"]
[WhiteElo "2577"]
[BlackElo "2404"]
[PlyCount "54"]
[EventDate "2012.06.30"]
[EventType "team-swiss"]
[EventRounds "7"]
[EventCountry "GRE"]
[SourceTitle "CBM 149 Extra"]
[Source "ChessBase"]
[SourceDate "2012.08.24"]
[SourceVersion "1"]
[SourceVersionDate "2012.08.24"]
[SourceQuality "1"]
[WhiteTeam "Panionios"]
[BlackTeam "OFI"]
[WhiteTeamCountry "GRE"]
[BlackTeamCountry "GRE"]

1. Nf3 Nf6 2. c4 d6 3. d4 g6 4. g3 Bg7 5. Bg2 0-0 6. 0-0 Nc6 7. Nc3 a6 8. e3 Rb8 9. Qe2 b5 10. Rd1 Re8 11. e4 b4 12. Nd5 Bg4 13. e5 dxe5 14. dxe5 Nxd5 15. Rxd5 Qc8 16. Bf4 e6 17. Rd2 g5 18. Bxg5 Nxe5 19. Re1 b3 20. a3 h6 21. Bf4 Nxf3+ 22. Bxf3 Bxf3 23. Qxf3 e5 24. Be3 Qe6 25. Rc1 Red8 26. Rcd1 Rxd2 27. Rxd2 e4 1/2-1/2

[Event "Heraklion op 7th"]
[Site "Heraklion"]
[Date "2011.08.07"]
[Round "2"]
[White "Dochev, Dimitar"]
[Black "Kasparova, Tatiana"]
[Result "0-1"]
[WhiteElo "2426"]
[BlackElo "2129"]
[PlyCount "88"]
[EventDate "2011.08.06"]
[EventType "swiss"]
[EventRounds "9"]
[EventCountry "GRE"]
[SourceTitle "CBM 144 Extra"]
[Source "ChessBase"]
[SourceDate "2011.10.28"]
[SourceVersion "1"]
[SourceVersionDate "2011.10.28"]
[SourceQuality "1"]

1. e4 c6 2. d4 d5 3. e5 Bf5 4. Nf3 e6 5. Be2 Bb4+ 6. c3 Ba5 7. Na3 Nd7 8. Nc2 f6 9. 0-0 Bc7 10. Re1 Qe7 11. a4 0-0-0 12. Nb4 Nb8 13. Bf4 Qf7 14. Bg3 Ne7 15. Nd3 Nd7 16. b4 Bxd3 17. Bxd3 f5 18. Ng5 Qg8 19. f4 h6 20. Nf3 g5 21. b5 gxf4 22. Bh4 Re8 23. a5 Ng6 24. Bf2 cxb5 25. Bxb5 a6 26. Bf1 Nb8 27. Qb3 Rh7 28. Reb1 Bd8 29. c4 Rc7 30. cxd5 exd5 31. Ne1 Bh4 32. Qh3 Bxf2+ 33. Kxf2 Qe6 34. Bd3 Ne7 35. Qh4 Nbc6 36. Nf3 Rg8 37. Qxf4 Rg4 38. Qe3 f4 39. Qd2 Nf5 40. h3 Rgg7 41. Qxf4 Rcf7 42. Kg1 Nfe7 43. Qd2 Rxf3 44. Bf1 Nf5 0-1

[Event "GRE-chT 39th"]
[Site "Eretria"]
[Date "2011.07.07"]
[Round "6.17"]
[White "Petr, Martin"]
[Black "Dochev, Dimitar"]
[Result "1-0"]
[WhiteElo "2523"]
[BlackElo "2426"]
[PlyCount "133"]
[EventDate "2011.07.03"]
[EventType "team-swiss"]
[EventRounds "7"]
[EventCountry "GRE"]
[SourceTitle "CBM 143 Extra"]
[Source "ChessBase"]
[SourceDate "2011.08.29"]
[SourceVersion "1"]
[SourceVersionDate "2011.08.29"]
[SourceQuality "1"]
[WhiteTeam "Amfissa Chess Union"]
[BlackTeam "Aigialeias Chess Union"]
[WhiteTeamCountry "GRE"]
[BlackTeamCountry "GRE"]

1. e4 e6 2. d4 d5 3. Nc3 Bb4 4. e5 c5 5. a3 Bxc3+ 6. bxc3 Ne7 7. Nf3 Qa5 8. Bd2 Nbc6 9. Be2 cxd4 10. cxd4 Qa4 11. Bc3 b6 12. 0-0 Ba6 13. Bb4 0-0 14. Bxa6 Qxa6 15. Qd2 Rfc8 16. c3 Nxb4 17. axb4 Qc4 18. Ra3 a5 19. Rfa1 h6 20. h4 Qc6 21. bxa5 Rxa5 22. Rxa5 bxa5 23. Rxa5 Qxc3 24. Qxc3 Rxc3 25. Ra8+ Rc8 26. Ra7 Nc6 27. Rb7 Kf8 28. h5 Na5 29. Rb5 Nc6 30. Rb6 Rc7 31. Ra6 Ke7 32. g4 Kd7 33. Kg2 Ra7 34. Rxa7+ Nxa7 35. Kg3 Nb5 36. Kf4 Ke7 37. Ke3 Nc3 38. Nh4 f6 39. f4 Nd1+ 40. Ke2 Nc3+ 41. Kd2 Nb5 42. Ke3 Na7 43. f5 Nc6 44. Ng6+ Kf7 45. fxe6+ Kxe6 46. Nf4+ Kf7 47. e6+ Ke7 48. Nxd5+ Kxe6 49. Ke4 Kd6 50. Ne3 Ke7 51. Kd5 Nd8 52. Nf5+ Kf7 53. Nh4 Ne6 54. Ng6 f5 55. gxf5 Ng5 56. Ke5 Nf3+ 57. Ke4 Nd2+ 58. Kf4 Kf6 59. Ne5 Ke7 60. Ng4 Nc4 61. f6+ Kf8 62. Kf5 Nd6+ 63. Ke6 Ne4 64. d5 Nc5+ 65. Kf5 Nd7 66. fxg7+ Kxg7 67. Ke6 1-0

[Event "GRE-chT 39th"]
[Site "Eretria"]
[Date "2011.07.04"]
[Round "3.15"]
[White "Zenelis, Konstantinos"]
[Black "Dochev, Dimitar"]
[Result "1/2-1/2"]
[WhiteElo "2179"]
[BlackElo "2426"]
[PlyCount "176"]
[EventDate "2011.07.03"]
[EventType "team-swiss"]
[EventRounds "7"]
[EventCountry "GRE"]
[SourceTitle "CBM 143 Extra"]
[Source "ChessBase"]
[SourceDate "2011.08.29"]
[SourceVersion "1"]
[SourceVersionDate "2011.08.29"]
[SourceQuality "1"]
[WhiteTeam "Papagou"]
[BlackTeam "Aigialeias Chess Union"]
[WhiteTeamCountry "GRE"]
[BlackTeamCountry "GRE"]

1. e4 e6 2. d4 d5 3. Nc3 Bb4 4. e5 c5 5. a3 Bxc3+ 6. bxc3 Ne7 7. Qg4 0-0 8. Bd3 f5 9. exf6 Rxf6 10. Bg5 Rf7 11. Qh5 g6 12. Qd1 Nbc6 13. Nf3 c4 14. Be2 Qf8 15. Qc1 Nf5 16. h4 h6 17. Bf4 Bd7 18. Ne5 Nxe5 19. Bxe5 Kh7 20. h5 g5 21. 0-0 Ne7 22. Qe3 Nc6 23. Bg3 Re8 24. Bg4 e5 25. Bxd7 Rxd7 26. dxe5 Qf5 27. f4 g4 28. Rad1 b6 29. Rd2 Rf8 30. Bh4 Nd8 31. Bxd8 Rfxd8 32. Rfd1 Kg7 33. e6 Rd6 34. Qe5+ Qxe5 35. fxe5 Rxe6 36. Rxd5 Rde8 37. Re1 g3 38. Re3 Kh8 39. Kf1 R8e7 40. Ke2 Kh7 41. Kf3 Rg7 42. Rd6 Re8 43. e6 Rg5 44. e7 Kg7 45. Rg6+ Rxg6 46. hxg6 Kxg6 47. Kxg3 Kf6 48. Kh4 Kg6 49. Kg4 Kf6 50. Kh5 Kg7 51. g4 Kf6 52. Re4 Kg7 53. Re6 Kf7 54. Rxh6 Kxe7 55. g5 Rd8 56. Rh7+ Ke6 57. Rxa7 Rh8+ 58. Kg4 Rh2 59. Kf4 Rxc2 60. g6 Rf2+ 61. Kg3 Rf1 62. g7 Rg1+ 63. Kf4 Kf6 64. Ke4 Ke6 65. Kf4 Kf6 66. Rb7 b5 67. Ke4 Ke6 68. Rb6+ Kf7 69. Rxb5 Kxg7 70. Kd5 Kf6 71. Rb7 Ra1 72. Ra7 Rc1 73. Kxc4 Ke6 74. Rb7 Kd6 75. a4 Kc6 76. Rb3 Rh1 77. Rb8 Ra1 78. Rb4 Ra3 79. Kd4 Ra1 80. Kd3 Ra2 81. Rh4 Kb6 82. Rb4+ Kc6 83. Kc4 Ra3 84. Kd4 Ra1 85. Kd3 Ra2 86. Ke3 Rc2 87. Kd4 Ra2 88. Kd3 Kc5 1/2-1/2

[Event "Heraklion op 6th"]
[Site "Heraklion"]
[Date "2010.08.24"]
[Round "4"]
[White "Klokas, Konstantinos"]
[Black "Dochev, Dimitar"]
[Result "0-1"]
[WhiteElo "2161"]
[BlackElo "2430"]
[PlyCount "52"]
[EventDate "2010.08.22"]
[EventType "swiss"]
[EventRounds "9"]
[EventCountry "GRE"]
[SourceTitle "CBM 138 Extra"]
[Source "ChessBase"]
[SourceDate "2010.10.29"]
[SourceVersion "1"]
[SourceVersionDate "2010.10.29"]
[SourceQuality "1"]

1. e4 e6 2. d4 d5 3. e5 c5 4. c3 Nc6 5. Nf3 Qb6 6. a3 c4 7. Nbd2 Na5 8. g3 Bd7 9. h4 0-0-0 10. Bh3 f5 11. exf6 gxf6 12. 0-0 h5 13. Re1 Nh6 14. Rb1 Ng4 15. Bxg4 hxg4 16. Nh2 e5 17. Ndf1 Bf5 18. Be3 Bxb1 19. Qxb1 e4 20. Nxg4 Qe6 21. Qd1 Bd6 22. Ngh2 Rdg8 23. f4 Rxh4 24. Qe2 Nc6 25. Qg2 Rh7 26. Re2 Ne7 0-1

[Event "Teteven op 25th"]
[Site "Teteven"]
[Date "2010.08.15"]
[Round "2"]
[White "Dochev, Dimitar"]
[Black "Bochev, Krasimir"]
[Result "0-1"]
[WhiteElo "2430"]
[BlackElo "2126"]
[PlyCount "58"]
[EventDate "2010.08.14"]
[EventType "swiss"]
[EventRounds "9"]
[EventCountry "BUL"]
[SourceTitle "EXT 2011"]
[Source "ChessBase"]
[SourceDate "2010.11.26"]
[SourceVersion "1"]
[SourceVersionDate "2010.11.26"]
[SourceQuality "1"]

1. e4 c5 2. c3 g6 3. Nf3 Bg7 4. d4 cxd4 5. cxd4 d5 6. e5 Nc6 7. Be2 Bg4 8. 0-0 e6 9. Nc3 Nge7 10. Be3 0-0 11. h3 Bxf3 12. Bxf3 Nf5 13. Qd2 f6 14. exf6 Qxf6 15. Rfe1 Ncxd4 16. Bg5 Nxf3+ 17. gxf3 Qf7 18. Qd3 Nd4 19. f4 Qf5 20. Qxf5 Rxf5 21. Kg2 Nc2 22. Rac1 Nxe1+ 23. Rxe1 Bxc3 24. bxc3 Re8 25. Kg3 e5 26. Kh4 Kg7 27. fxe5 Rexe5 28. Be3 Kf7 29. f4 Rxf4+ 0-1

[Event "BUL-ch op 32th"]
[Site "Plovdiv"]
[Date "2010.02.06"]
[Round "9"]
[White "Dochev, Dimitar"]
[Black "Radulov, Ivan"]
[Result "1/2-1/2"]
[WhiteElo "2428"]
[BlackElo "2295"]
[PlyCount "126"]
[EventDate "2010.01.31"]
[EventType "swiss"]
[EventRounds "9"]
[EventCountry "BUL"]
[SourceTitle "CBM 134 Extra"]
[Source "ChessBase"]
[SourceDate "2010.03.03"]
[SourceVersion "1"]
[SourceVersionDate "2010.03.03"]
[SourceQuality "1"]

1. e4 e5 2. Nf3 Nc6 3. d4 exd4 4. Nxd4 Bc5 5. Be3 Qf6 6. c3 Nge7 7. Bc4 Ne5 8. Be2 d5 9. 0-0 Qg6 10. Bh5 Qa6 11. b4 Bd6 12. Be2 Nc4 13. Qb3 c6 14. a4 Qb6 15. Bxc4 dxc4 16. Qxc4 Qc7 17. f4 Ng6 18. e5 Be7 19. Nd2 0-0 20. N2f3 Bd7 21. Rad1 Qc8 22. a5 b6 23. axb6 axb6 24. e6 Bxe6 25. Qxc6 Ra3 26. Qxc8 Bxc8 27. f5 Nh4 28. Nxh4 Bxh4 29. Nb5 Ra2 30. Rd2 Rxd2 31. Bxd2 Bd7 32. Nd4 Bf6 33. Be3 b5 34. g4 Rc8 35. Rc1 g6 36. g5 Bxd4 37. Bxd4 Bxf5 38. Kf2 Be6 39. Ra1 Bc4 40. Bf6 Re8 41. h4 h5 42. gxh6 Kh7 43. Bg7 Re2+ 44. Kf3 Re8 45. Ra7 Kg8 46. Rc7 Kh7 47. Kf4 Kg8 48. Rc5 Kh7 49. h5 gxh5 50. Rxh5 Rc8 51. Ke5 Rd8 52. Kf6 Rd5 53. Rh4 Rd6+ 54. Ke7 Re6+ 55. Kd7 Bd5 56. Rd4 Bc6+ 57. Kc7 Be8 58. c4 bxc4 59. Rxc4 f5 60. Rc5 f4 61. Rf5 Re7+ 62. Kd8 Rf7 63. Rxf7 Bxf7 1/2-1/2

[Event "Heraklion op 5th"]
[Site "Heraklion"]
[Date "2009.08.23"]
[Round "3"]
[White "Dochev, Dimitar"]
[Black "Kounalakis, Evryklis"]
[Result "1-0"]
[WhiteElo "2436"]
[BlackElo "2125"]
[PlyCount "73"]
[EventDate "2009.08.22"]
[EventType "swiss"]
[EventRounds "9"]
[EventCountry "GRE"]
[SourceTitle "EXT 2010"]
[Source "ChessBase"]
[SourceDate "2010.11.25"]
[SourceVersion "1"]
[SourceVersionDate "2010.11.25"]
[SourceQuality "1"]

1. e4 c6 2. d4 d5 3. e5 c5 4. dxc5 e6 5. a3 Qc7 6. Nf3 Bxc5 7. b4 Bb6 8. Bb2 Ne7 9. Nbd2 0-0 10. Bd3 g6 11. 0-0 a5 12. b5 Nd7 13. a4 Nc5 14. Nb3 Nxb3 15. cxb3 Bc5 16. Qd2 Kg7 17. h4 Qd8 18. Qf4 Ng8 19. g3 Be7 20. Rac1 Bd7 21. Bd4 Rc8 22. Kg2 f6 23. Rxc8 Bxc8 24. exf6+ Bxf6 25. Rc1 Ne7 26. Bxf6+ Rxf6 27. Qd4 Nf5 28. Qc5 Rf8 29. Bxf5 exf5 30. Qd4+ Kg8 31. Rc5 f4 32. Rxd5 Qc7 33. Rc5 Qf7 34. Ng5 f3+ 35. Kg1 Qxb3 36. Rc7 Qb1+ 37. Kh2 1-0

[Event "BUL-chT2"]
[Site "Sunny Beach"]
[Date "2009.06.13"]
[Round "6.2"]
[White "Vasilev, Vasil"]
[Black "Dochev, Dimitar"]
[Result "1/2-1/2"]
[WhiteElo "2343"]
[BlackElo "2429"]
[PlyCount "60"]
[EventDate "2009.06.08"]
[EventType "team-swiss"]
[EventRounds "7"]
[EventCountry "BUL"]
[SourceTitle "CBM 130 Extra"]
[Source "ChessBase"]
[SourceDate "2009.07.02"]
[SourceVersion "2"]
[SourceVersionDate "2009.07.15"]
[SourceQuality "1"]

1. Nf3 Nf6 2. c4 d6 3. d4 g6 4. Nc3 Bg7 5. e4 0-0 6. Be2 e5 7. 0-0 Nc6 8. d5 Ne7 9. b4 Nh5 10. Re1 a5 11. Ba3 Nf4 12. Bf1 Bg4 13. h3 Bxf3 14. Qxf3 axb4 15. Bxb4 c5 16. dxc6 Nxc6 17. a3 Ne6 18. Nb5 Ned4 19. Nxd4 Nxb4 20. axb4 exd4 21. Rxa8 Qxa8 22. c5 dxc5 23. bxc5 Qa5 24. Rb1 Qxc5 25. Rxb7 Qc6 26. Rb5 Rc8 27. Rd5 Qf6 28. Qxf6 Bxf6 29. Bd3 Rd8 30. Rxd8+ Bxd8 1/2-1/2

[Event "BUL-chT2"]
[Site "Sunny Beach"]
[Date "2009.06.12"]
[Round "5.1"]
[White "Dochev, Dimitar"]
[Black "Karakehajov, Kalin"]
[Result "1/2-1/2"]
[WhiteElo "2429"]
[BlackElo "2480"]
[PlyCount "61"]
[EventDate "2009.06.08"]
[EventType "team-swiss"]
[EventRounds "7"]
[EventCountry "BUL"]
[SourceTitle "CBM 130 Extra"]
[Source "ChessBase"]
[SourceDate "2009.07.02"]
[SourceVersion "2"]
[SourceVersionDate "2009.07.15"]
[SourceQuality "1"]

1. e4 e5 2. Nf3 Nf6 3. d4 Nxe4 4. Bd3 d5 5. Nxe5 Nd7 6. Nxd7 Bxd7 7. 0-0 Bd6 8. c4 c6 9. cxd5 cxd5 10. Nc3 Nxc3 11. bxc3 0-0 12. Qh5 g6 13. Qxd5 Qc7 14. Qf3 Qxc3 15. Bh6 Rfe8 16. Qf6 Bf8 17. Bxf8 Rxf8 18. Be4 Bc6 19. Rac1 Qb4 20. Bxc6 bxc6 21. Rxc6 Rad8 22. Rd1 Qa4 23. Rcc1 Qxa2 24. Ra1 Qb3 25. Rdb1 Qc4 26. Rxa7 Qxd4 27. Qxd4 Rxd4 28. g3 h5 29. h4 Rfd8 30. Rbb7 Rf8 31. Kg2 1/2-1/2